<?xml version="1.0" encoding="UTF-8"?><?xml-stylesheet type="text/xsl" href="static/style.xsl"?><OAI-PMH xmlns="http://www.openarchives.org/OAI/2.0/" xmlns:xsi="http://www.w3.org/2001/XMLSchema-instance" xsi:schemaLocation="http://www.openarchives.org/OAI/2.0/ http://www.openarchives.org/OAI/2.0/OAI-PMH.xsd"><responseDate>2026-04-14T05:46:17Z</responseDate><request verb="GetRecord" identifier="oai:www.recercat.cat:10256/18113" metadataPrefix="marc">https://recercat.cat/oai/request</request><GetRecord><record><header><identifier>oai:recercat.cat:10256/18113</identifier><datestamp>2024-06-18T12:31:31Z</datestamp><setSpec>com_2072_452955</setSpec><setSpec>com_2072_2054</setSpec><setSpec>col_2072_453072</setSpec></header><metadata><record xmlns="http://www.loc.gov/MARC21/slim" xmlns:dcterms="http://purl.org/dc/terms/" xmlns:xsi="http://www.w3.org/2001/XMLSchema-instance" xmlns:doc="http://www.lyncode.com/xoai" xsi:schemaLocation="http://www.loc.gov/MARC21/slim http://www.loc.gov/standards/marcxml/schema/MARC21slim.xsd">
   <leader>00925njm 22002777a 4500</leader>
   <datafield ind2=" " ind1=" " tag="042">
      <subfield code="a">dc</subfield>
   </datafield>
   <datafield ind2=" " ind1=" " tag="720">
      <subfield code="a">Vargas Salfate, Salvador</subfield>
      <subfield code="e">author</subfield>
   </datafield>
   <datafield ind2=" " ind1=" " tag="720">
      <subfield code="a">Oyanedel, Juan Carlos</subfield>
      <subfield code="e">author</subfield>
   </datafield>
   <datafield ind2=" " ind1=" " tag="720">
      <subfield code="a">Torres Vallejos, Javier</subfield>
      <subfield code="e">author</subfield>
   </datafield>
   <datafield ind2=" " ind1=" " tag="260">
      <subfield code="c">2015-08-19</subfield>
   </datafield>
   <datafield ind2=" " ind1=" " tag="520">
      <subfield code="a">The purpose of this article is to discuss the relationship between&#xd;
socialization and interest in politics among young people in Chile in the framework of theories&#xd;
relating to political socialization and political culture. These state that the orientations of individuals&#xd;
are acquired through processes of reciprocal relationships with others and with institutions. Using the&#xd;
results of the Metropolitan Survey on Youth Political Behavior (2012), conducted with young people&#xd;
(aged 18 to 25 years) resident in the city of Santiago, and applying logistical regression models, the&#xd;
authors verify that the main explanatory factor of interest in politics is engaging with friends on this&#xd;
topic, highlighting the importance of the socializing context</subfield>
   </datafield>
   <datafield ind2=" " ind1=" " tag="520">
      <subfield code="a">El objetivo del artículo es discutir la relación entre socialización e interés por la política en jóvenes de Chile, desde las teorías de la socialización y la cultura política, que sostienen que las orientaciones de los individuos son adquiridas mediante procesos de relaciones con otros y con instituciones, de forma recíproca. A partir de la Encuesta Metropolitana de Comportamiento Político Juvenil (2012) aplicada a residentes -entre 18 y 25 años- del Gran Santiago, y a través de modelos de regresión logística, se verifica que el principal factor explicativo del interés por la política es informarse de esta temática con los amigos y amigas, destacando así la relevancia del contexto socializador</subfield>
   </datafield>
   <datafield ind1="8" ind2=" " tag="024">
      <subfield code="a">http://hdl.handle.net/10256/18113</subfield>
   </datafield>
   <datafield tag="653" ind2=" " ind1=" ">
      <subfield code="a">Joves -- Activitat política -- Xile</subfield>
   </datafield>
   <datafield tag="653" ind2=" " ind1=" ">
      <subfield code="a">Youth -- Political activity -- Chile</subfield>
   </datafield>
   <datafield tag="653" ind2=" " ind1=" ">
      <subfield code="a">Socialització política -- Xile</subfield>
   </datafield>
   <datafield tag="653" ind2=" " ind1=" ">
      <subfield code="a">Political socialization -- Chile</subfield>
   </datafield>
   <datafield ind2="0" ind1="0" tag="245">
      <subfield code="a">Socialización e interés en la política en jóvenes de Chile</subfield>
   </datafield>
</record></metadata></record></GetRecord></OAI-PMH>